| 000 | 00932cab a2200265 4500 | ||
|---|---|---|---|
| 001 | WB2814-26 | ||
| 008 | 090401t1992 xxu||||| |||| 00| 0 eng d | ||
| 035 | _a(Sirsi) u68998 | ||
| 041 | _aeng | ||
| 245 | _aNT fights Parliament on new road | ||
| 260 | _c1992 | ||
| 350 | _a0 | ||
| 490 |
_aGuardian _v30 March 1992, 2(1) |
||
| 520 | _aThe National Trust is using its statutory right to appeal to Parliament against the DTp`s compulsory purchase of land, bequeathed to the Trust as inalienable, for the building of a road in, the Government would claim, the nation`s interest. | ||
| 650 | _aA34 | ||
| 650 |
_aCompulsory purchase _96228 |
||
| 650 | _aDEPARTMENT OF TRANSPORT | ||
| 650 | _aNATIONAL TRUST | ||
| 650 | _aNEWBURY | ||
| 650 | _aPROPERTY-INFRASTRUCTURE-TRANSPORT INFRASTRUCTURE-ROAD INFRASTRUCTURE | ||
| 690 | _aCON | ||
| 690 | _aHIGHWAYS RIGHTS OF WAY AND EASEMENTS | ||
| 942 | _n0 | ||
| 948 | _c04/03/1997 | ||
| 999 |
_c43333 _d43333 |
||